000 00650cam a2200145 4500500
005 20260201164102.0
041 _afre
042 _adc
100 1 0 _aKaplanian, Patrick
_eauthor
245 0 0 _aClaude Calame, Thésée et l’imaginaire athénien. Légende et culte en Grèce antique. Préface de Pierre Vidal-Naquet. Lausanne, Éditions Payot Lausanne, 1996, 492 p., bibl. index, schéma. (« Sciences humaines »). [1re éd. 1990.]
260 _c2002.
500 _a65
786 0 _nL'Homme | 164 | 4 | 2002-10-01 | p. 155s-205s | 0439-4216
856 4 1 _uhttps://shs.cairn.info/revue-l-homme-2002-4-page-155s?lang=fr&redirect-ssocas=7080
999 _c1643271
_d1643271